| 000 | 00457cam a22001577a 4500 | ||
|---|---|---|---|
| 008 | 180718b1946 xxu||||| |||| 00| 0 eng d | ||
| 082 | _aW400 Ev15 | ||
| 100 | _aEvans, Henry K. | ||
| 245 |
_aTraffic engineering and the police _cby Henry K. Evans and F.M. Kremil |
||
| 250 | _arev. ed. | ||
| 260 |
_aNew York _bNational Conservation Bureau _c1946 |
||
| 300 | _a103p. | ||
| 650 | _aPolice, Traffic | ||
| 650 | _aTraffic - Planning | ||
| 700 | _aKremil, F.M. | ||
| 999 |
_c479192 _d479192 |
||